000 00651nam a2200229 a 4500
001 61061
003 BD-RjUL
005 20211209080922.0
008 170114s1984 txu b 001 0 eng d
020 _a0256030677
035 _a(BD-RjUL)61185
040 _aDLC
_cDLC
_dDLC
_dBD-RjUL
_beng
041 _aeng
082 0 0 _a657.046
_223
_bHOY 1984
100 1 _aHoyle, Joe Ben.
_9182228
245 1 0 _aAdvanced accounting /
_cJoe Ben Hoyle.
260 _aPlano, Tex. :
_bBusiness Publications,
_c1984.
300 _axvi, 722 p. ;
_c24 cm.
504 _aIncludes bibliographical references and index.
650 0 _aAccounting.
_9175106
942 _2ddc
_cBK
999 _c61061
_d61061